Crack the Code, Quickly IV Quiz Stats

 Plays Quiz not verified by Sporcle

Score 0/15 Timer 02:00
0 Plays Today
% Correct
Banana
95.9%
Grape
83.7%
Orange
81.6%
Apricot
73.5%
Pineapple
71.4%
Tuna
71.4%
Salmon
63.3%
Barracuda
63.3%
% Correct
Catfish
59.2%
Frodo
59.2%
Mackerel
55.1%
Gandalf
53.1%
Pippin
40.8%
Gollum
36.7%
Legolas
34.7%

You're not logged in!

Compare scores with friends on all Sporcle quizzes.
OR
Log In

Sporcle TV

Today on Sporcle TV


Watch our educational content, quiz creation guides, and fun videos on Sporcle TV.

Show Comments

Extras

Created Sep 9, 2017ReportNominate
Tags:code, crack, limit, simple

Top Quizzes Today


Score Distribution

Your Account Isn't Verified!

In order to create a playlist on Sporcle, you need to verify the email address you used during registration. Go to your Sporcle Settings to finish the process.

Report this User

Report this user for behavior that violates our Community Guidelines.

Details: